| 000 | 00568nam a2200169 a 4500 | ||
|---|---|---|---|
| 005 | 20210223122505.0 | ||
| 008 | 991125s1977 mx 000 0 spa u | ||
| 035 | _aUPN01000036404 | ||
| 049 | _aCG | ||
| 050 | 4 |
_aJL1231 _bM33 |
|
| 245 | 0 | 0 | _aManual de la filosofía política del Presidente José López Portillo. |
| 260 |
_aMéxico : _bSPP, Dirección General de Documentación y Análisis, _c1977. |
||
| 300 | _a363 p. | ||
| 610 | 1 | 4 |
_aMEXICO. _bPRESIDENTE (1976-1982 : LOPEZ PORTILLO) _927966 |
| 651 | 4 |
_aMEXICO - _xPOLITICA Y GOBIERNO - _y1976-1982 |
|
| 905 | _aLibro | ||
| 999 |
_c36404 _d36404 |
||